Inventarizácia majetku a záväzkov

Základná právna norma upravujúca inventarizáciu. Úprava inventarizácie v zákone o účtovníctve.

Enregistré dans:
Détails bibliographiques
Auteur principal: Hudecová, Ivana
Format: Chapitre de livre
Langue:slovaque
Sujets:
Tags: Ajouter un tag
Pas de tags, Soyez le premier à ajouter un tag!

MARC

LEADER 00000naa a2200000 4500
001 0210039
005 20231120130641.1
041 0 |a slo 
044 |a SK 
245 1 0 |a Inventarizácia majetku a záväzkov  |c Ivana Hudecová 
520 |a Základná právna norma upravujúca inventarizáciu. Úprava inventarizácie v zákone o účtovníctve. 
610 2 0 |a inventarizácia 
610 2 0 |a Slovensko 
610 2 0 |a účtovníctvo 
610 2 0 |a úpravy právne 
100 1 |a Hudecová, Ivana